Rivers of bengal / (Record no. 147957)
[ view plain ]
| 000 -LEADER | |
|---|---|
| fixed length control field | 00612nam a22001817a 4500 |
| 005 - DATE AND TIME OF LATEST TRANSACTION | |
| control field | 20171212121303.0 |
| 010 ## - LCCN (DPL NO) | |
| LC control number | ENG-121845 |
| 020 ## - INTERNATIONAL STANDARD BOOK NUMBER | |
| Terms of availability | 200.00 |
| 035 ## - SYSTEM CONTROL NUMBER | |
| System control number | EN-105377 |
| 037 ## - SOURCE OF ACQUISITION | |
| Source of stock number/acquisition | DBAD/PUB |
| 082 ## - DEWEY DECIMAL CLASSIFICATION NUMBER | |
| Classification number | 551.483 |
| 245 ## - TITLE STATEMENT | |
| Title | Rivers of bengal / |
| Statement of responsibility, etc | compilation by Kumud Ranjan Biswas |
| 260 ## - PUBLICATION, DISTRIBUTION, ETC. (IMPRINT) | |
| Place of publication, distribution, etc | Kolkata |
| Name of publisher, distributor, etc | West Bengal District Gazetteers(Higher Education Department) |
| Date of publication, distribution, etc | 2002 |
| 270 ## - ADDRESS | |
| Address | Govt of West Bengal, Bikash Bhavan, North Block,8th Floor Salt Lake City |
| City | Kolkata |
| Postal code | 700091 |
| 300 ## - PHYSICAL DESCRIPTION | |
| Extent | xl,294p. |
| Dimensions | 21cm(Hb) |
| 700 ## - ADDED ENTRY--PERSONAL NAME | |
| Personal name | Biswas, Kumud Ranjan |
| 942 ## - ADDED ENTRY ELEMENTS (KOHA) | |
| Source of classification or shelving scheme | Dewey Decimal Classification |
| Item type | English Books |
| Classification part | 551.483 |
| Call number suffix | RIV |
| Withdrawn status | Lost status | Not for loan | Collection code | Home library | Current library | Date acquired | Source of acquisition | Cost, normal purchase price | Full call number | Barcode | Copy number | Cost, replacement price | Koha item type |
|---|---|---|---|---|---|---|---|---|---|---|---|---|---|
| Not For Loan | Non-fiction | D.B.Act.Division | Bawana | 12/12/2017 | DBAD/PUB | 200.00 | 551.483 RIV | EN-105377 | 1 | 200.00 | English Books |
